000 00651nam a2200229 a 4500
001 BRL_672
005 20190320210839.0
008 230913s1954----nyua######---#000-0#eng-#
041 _aeng
044 _anyu
050 4 _aND673.R8
_b.H45 1954
100 1 _aHeld, Julius S.
_924604
245 1 0 _aPater Paul Rubens, 1577-1640
_cS. Julius Held.
260 _aNew York
_bHarry N. Abrams : Pocket Books
_c1954
300 _a[62] p.
_bil., láminas
_c17 cm.
440 0 _aPocket Library of Great Art
_924605
500 _aAu734
600 1 4 _aRubens, Peter Paul
_d1577-1640
_95125
650 1 4 _aPintores flamencos
_97571
902 _aGRL
942 _2lcc
_cB
999 _c9484
_d9484